[Event "8th Holuj-Radzikowska 2018"]
[Site "Wroclaw"]
[Date "2018.12.07"]
[Round "4"]
[White "Abdumalik, Zhansaya"]
[Black "Warakomska, Anna"]
[Result "1-0"]
[WhiteElo "2470"]
[BlackElo "2233"]
[Annotator "TA"]
[PlyCount "93"]
[EventDate "2018.11.26"]
[EventType "schev"]
[EventCountry "POL"]
[SourceTitle "playchess.com"]
[Source "ChessBase"]
[SourceQuality "1"]
[WhiteTeam "World"]
[BlackTeam "Poland"]
[BlackTeamCountry "POL"]

{[%evp 30,93,33,33,39,41,37,27,29,25,29,0,47,43,44,45,39,44,36,22,27,0,0,0,0,0,0,-65,-65,-65,-12,-65,-65,-203,-190,-189,-147,-114,-43,-43,-38,-27,-31,-45,9,0,14,-22,234,186,394,393,422,381,702,606,1083,1150,1688,1158,1134,1051,1004,823,29989,29990]} 1. e4 e5 2. Nf3 Nc6 3. Bb5 {[%cal Bf1b5,Bb5a4,Ba4b3][%mdl 32]} a6 4. Ba4 Nf6 5. O-O Be7 6. Re1 b5 7. Bb3 d6 8. c3 O-O 9. h3 Bb7 10. d4 Nd7 11. Nbd2 exd4 {C92: Closed Ruy Lopez: 9...Be6, Karpov and Flohr-Zaitsev Variations} 12. cxd4 Bf6 13. Nf1 Na5 14. Bc2 Re8 15. Rb1 c5 16. d5 {LiveBook: 53 Games} Nc4 17. b3 Nce5 18. N3h2 Ng6 19. Ng3 {[#]} Bc8 $146 20. Be3 Nb6 21. Rf1 b4 22. Ng4 Bxg4 23. hxg4 h6 24. Nf5 Ne7 25. g3 a5 26. Nxe7+ Qxe7 27. Kg2 a4 28. Rh1 ({White should play} 28. bxa4 $11 Qd7 29. Rxb4 Nxd5 30. Qxd5 cxb4 31. Bb3) 28... axb3 $15 29. axb3 Ra2 (29... Nd7 $15) 30. Rh5 (30. Qd3 $1 $11) 30... Nd7 31. e5 (31. Bf4 $15) 31... Bxe5 $19 ({Not} 31... Nxe5 32. g5 $1 $16 {[%mdl 512]}) 32. g5 g6 33. Rxh6 {[#]} Bg7 (33... Nb6 $1 $17 34. Rc1 Bb2 35. Bxg6 fxg6 36. Rxg6+ Bg7) 34. Rh4 $15 Nb6 35. Be4 Qe5 36. Qf3 Rea8 (36... Qc3 $15) 37. Bf4 $11 Qe7 38. Qd3 R8a3 $2 {[%mdl 8192] [#]} (38... Nd7 $11 {and Black stays safe.}) 39. Bxg6 $1 $18 {Threatens to win with Re1!} c4 $2 (39... Bd4 {is a better defense.}) 40. Bh7+ Kf8 41. Qf5 {Strongly threatening Re1!} Bd4 $2 (41... Re2 42. bxc4 Raa2) 42. Rf1 Bxf2 43. g6 {[%cal Bg5g6,Bg6g7][%mdl 32]} Bxg3+ 44. Kxg3 {White threatens g7+! and mate.} Rxb3+ 45. Kg4 {Bxd6! would kill now.} f6 46. Kh5 {White wants to mate with Bxd6!} Nd7 {[#]} 47. g7+ $1 {Accuracy: White = 70%, Black = 41%.} 1-0

[Event "8th Holuj-Radzikowska 2018"]
[Site "Wroclaw"]
[Date "2018.12.07"]
[Round "4"]
[White "Javakhishvili, Lela"]
[Black "Zawadzka, Jolanta"]
[Result "1/2-1/2"]
[WhiteElo "2464"]
[BlackElo "2423"]
[Annotator "TA"]
[PlyCount "77"]
[EventDate "2018.11.26"]
[EventType "schev"]
[EventCountry "POL"]
[SourceTitle "playchess.com"]
[Source "ChessBase"]
[SourceQuality "1"]
[WhiteTeam "World"]
[BlackTeam "Poland"]
[BlackTeamCountry "POL"]

{[%evp 19,77,10,24,10,23,18,0,-24,-28,-66,-67,-66,-62,-64,-76,-88,-92,-94,-94,-104,0,0,40,32,47,39,42,0,144,95,97,104,104,108,81,89,97,75,133,127,141,133,171,149,200,200,181,189,164,95,95,102,79,100,110,0,83,0,81,0]} 1. d4 d5 2. c4 e6 3. Nf3 Nf6 4. g3 c6 5. Bg2 Be7 6. O-O O-O 7. Qc2 b6 8. Nbd2 Bb7 9. Rd1 Na6 10. a3 c5 {LiveBook: 9 Games} 11. cxd5 {E16: Queen's Indian: 4 g3 Bb7 5 Bg2 Bb4+} Nxd5 (11... exd5 12. Nb1 Qc8 13. Nc3 Ne4 14. Bf4 Nxc3 15. bxc3 Nc7 16. dxc5 bxc5 17. Rab1 Rd8 18. c4 Ne6 19. Rxb7 Qxb7 20. cxd5 Nxf4 21. gxf4 {½-½ (74) Gelfand,B (2743)-Leko,P (2723) Beijing 2014}) 12. e4 Nf6 13. d5 $146 {The position is equal.} ({Predecessor:} 13. e5 Nd5 14. Ne4 h6 15. dxc5 Nxc5 16. Nxc5 Bxc5 17. b4 Be7 18. Bb2 Rc8 {0-1 (32) Steiner,D (2305)-Drasko,M (2505) Caorle 1989}) 13... exd5 14. exd5 Bxd5 (14... Qxd5 15. Nh4 $16) 15. Nc4 {Ng5 is the strong threat.} Qc8 16. Bg5 Nc7 17. Re1 Ne6 {And now ...Bxf3 would win.} 18. Re5 Bc6 19. Rae1 h6 (19... Qb7 $17 20. Qe2 (20. Bxf6 $2 Bxf6 21. R5e3 Rad8 $17) 20... Rae8) 20. Bxh6 $11 Ng4 21. Rxe6 {[%mdl 64] Remove Defender} fxe6 22. Bf4 b5 23. Qg6 {[%mdl 1024] Strongly threatening Na5. White has compensation.} Bd5 (23... bxc4 $11 {keeps the balance.} 24. Qxg4 Bf6) 24. Ncd2 Nf6 25. Bh6 $40 {[%csl Gh6][%cal Rg6g7][%mdl 128] White wants a kill.} Ne8 {[#]} 26. Ng5 $1 Bxg5 27. Bxd5 exd5 28. Rxe8 $1 {[%csl Gh6][%cal Rg6g7]} Bxh6 (28... Qd7 $142 29. Rxf8+ Rxf8 30. Bxg5 (30. Qxg5 Rf7 $11) 30... Qf7 31. Qxf7+ Kxf7) 29. Rxc8 $16 Raxc8 30. f4 Rcd8 31. Qc6 c4 (31... d4 $16 32. Qxb5 g5) 32. Qxb5 $18 g5 33. Qc6 Bg7 {[#]} 34. Qe6+ $1 ({Don't take} 34. fxg5 $6 Bxb2 35. Qe6+ Kh8 $16) 34... Kh8 35. Nf3 ({Much weaker is} 35. fxg5 Rfe8 $14) 35... gxf4 36. Qh3+ Kg8 37. Qe6+ Kh8 38. Qh3+ Kg8 39. Qe6+ {Accuracy: White = 63%, Black = 49%.} ({Better is} 39. Ng5 $16 {[%csl Gg5][%cal Rh3h7]} Rf6 40. gxf4) 1/2-1/2

[Event "8th Holuj-Radzikowska 2018"]
[Site "Wroclaw"]
[Date "2018.12.07"]
[Round "4"]
[White "Socko, Monika"]
[Black "Skripchenko, Almira"]
[Result "1/2-1/2"]
[WhiteElo "2458"]
[BlackElo "2408"]
[Annotator "TA"]
[PlyCount "62"]
[EventDate "2018.11.26"]
[EventType "schev"]
[EventCountry "POL"]
[SourceTitle "playchess.com"]
[Source "ChessBase"]
[SourceQuality "1"]
[WhiteTeam "Poland"]
[BlackTeam "World"]
[WhiteTeamCountry "POL"]

{[%evp 27,62,0,0,0,0,-27,-20,-10,-15,-16,-29,-18,0,-8,-14,-22,-16,-54,-2,-12,0,0,0,-2,0,0,0,0,19,0,8,0,0,0,4,0,0]} 1. d4 d5 2. c4 dxc4 3. e4 Nf6 4. e5 Nd5 5. Bxc4 Nb6 6. Bd3 Nc6 7. Be3 Nb4 8. Be4 f5 9. exf6 exf6 {[%cal Be7f6,Bf6f5][%mdl 32]} 10. Nc3 {D20: Queen's Gambit Accepted: 3 e3 and 3 e4} f5 11. Bb1 N4d5 12. Nf3 Nxe3 13. fxe3 {[%cal Bf2e3,Be3e4,Be4e5][%mdl 32]} Bd6 14. O-O O-O {LiveBook: 7 Games} 15. e4 c6 {[#]} 16. e5 $146 ({Predecessor:} 16. a4 fxe4 17. Bxe4 Kh8 {0-1 (33) Jakovenko,D (2713)-Rublevsky,S (2695) Khanty-Mansiysk 2013}) 16... Be7 17. a4 Be6 18. Ba2 Nd5 19. Nxd5 cxd5 20. Qb3 Qd7 21. Rac1 Rac8 22. Bb1 Rxc1 (22... Rc4 $15) 23. Rxc1 $11 {The position is equal.} Rc8 24. Rxc8+ Qxc8 25. Qc2 Qd8 26. Qb3 Qc7 {[#] Strongly threatening ...Qc1+.} 27. Kf2 Kf7 28. Bd3 g6 29. Qc2 Qd8 30. Qb3 Qc7 31. Qc2 Qd8 {Accuracy: White = 34%, Black = 48%.} 1/2-1/2

[Event "8th Holuj-Radzikowska 2018"]
[Site "Wroclaw"]
[Date "2018.12.07"]
[Round "4"]
[White "Szczepkowska, Karina"]
[Black "Paehtz, Elisabeth"]
[Result "1/2-1/2"]
[WhiteElo "2408"]
[BlackElo "2487"]
[Annotator "TA"]
[PlyCount "60"]
[EventDate "2018.11.26"]
[EventType "schev"]
[EventCountry "POL"]
[SourceTitle "playchess.com"]
[Source "ChessBase"]
[SourceQuality "1"]
[WhiteTeam "Poland"]
[BlackTeam "World"]
[WhiteTeamCountry "POL"]

{[%evp 17,60,11,7,-3,0,-10,12,0,0,0,0,-8,0,-7,0,0,0,-8,11,-6,-6,-14,8,6,8,8,11,11,27,18,57,11,11,9,12,2,18,18,18,18,18,15,11,0,21]} 1. d4 d5 2. c4 e6 3. Nc3 Nf6 4. Nf3 a6 5. cxd5 exd5 6. Bf4 {D37: Queen's Gambit Declined: 5 Bf4} (6. Bg5 Be6 7. e3 Nbd7 8. Bd3 h6 9. Bf4 g5 10. Bg3 Nh5 11. Be5 Nhf6 12. Bg3 Nh5 13. Qb3 Nxg3 14. hxg3 {½-½ (48) Karjakin,S (2773)-Caruana,F (2822) Saint Louis 2018}) 6... Bd6 7. Bxd6 Qxd6 8. e3 O-O 9. Bd3 Bg4 {LiveBook: 3 Games} 10. O-O Nbd7 {[%cal Bb8d7,Bd7f8,Bf8e6,Be6g5,Bg5e4][%mdl 32]} 11. Rc1 Rfe8 $146 ({Predecessor:} 11... c5 12. dxc5 Nxc5 {0-1 (48) Mirzoeva,E (2313)-Shaidullina,S (2185) Khanty-Mansiysk 2017}) 12. Be2 c6 13. Nd2 Bxe2 14. Qxe2 Re7 15. Rb1 Nf8 16. b4 Ne6 17. Qf3 Ng5 18. Qg3 (18. Qf5 {keeps more tension.} Nge4 19. Ndxe4 Nxe4 20. Nxe4 Rxe4 21. a4) 18... Qxg3 19. hxg3 Nge4 20. Ncxe4 Nxe4 21. Nxe4 Rxe4 $11 {[%mdl 4096] Endgame KRR-KRR} 22. a4 g5 23. Rfc1 Kg7 24. Kf1 h5 {The position is equal.} 25. Ke2 Re6 26. Kd3 g4 27. Rb2 Rae8 28. Rh1 Kg6 29. Rbb1 Rf6 30. Rb2 Rfe6 {Accuracy: White = 33%, Black = 36%.} 1/2-1/2

[Event "8th Holuj-Radzikowska 2018"]
[Site "Wroclaw"]
[Date "2018.12.08"]
[Round "5"]
[White "Paehtz, Elisabeth"]
[Black "Kulon, Klaudia"]
[Result "1/2-1/2"]
[WhiteElo "2487"]
[BlackElo "2333"]
[Annotator "TA"]
[PlyCount "64"]
[EventDate "2018.11.26"]
[EventType "schev"]
[EventCountry "POL"]
[SourceTitle "playchess.com"]
[Source "ChessBase"]
[SourceQuality "1"]
[WhiteTeam "World"]
[BlackTeam "Poland"]
[BlackTeamCountry "POL"]

{[%evp 24,64,23,19,41,20,66,54,59,53,60,68,108,110,152,149,165,171,241,239,233,239,224,231,248,181,456,467,465,458,433,426,440,0,0,0,0,0,0,0,0,0,0]} 1. d4 {Vidit,S} Nf6 2. Nf3 g6 3. c4 Bg7 4. g3 O-O 5. Bg2 d6 6. O-O Nc6 7. Nc3 e5 8. dxe5 dxe5 9. Bg5 Be6 10. Nd2 h6 {E62: King's Indian: Fianchetto: 6...c6 and Panno Variation (6...Nc6) without ...a6} 11. Bxf6 Bxf6 12. Nde4 Be7 13. Qc1 {[#] LiveBook: 7 Games. And now Rd1 would win.} Kh7 $146 ({Predecessor:} 13... Kg7 14. Rd1 Qe8 15. Nd5 Rc8 16. Nxe7 Qxe7 17. Nc3 Bxc4 18. b3 {1-0 (47) Vidit,S (2658)-Onischuk,V (2612) Martuni 2016 CBM 174 [Vidit,S]}) 14. Rd1 Qc8 15. Nd5 Bxd5 16. cxd5 Nd4 17. Qc4 b5 18. Qd3 $36 {[%mdl 2048] White is in control.} f5 19. Nd2 {e3 is the strong threat.} c5 20. dxc6 {[#] Threatens to win with c7!} Bf6 (20... Qc7 $142) 21. e3 $18 e4 22. Nxe4 $1 fxe4 23. Bxe4 Ne6 24. Rac1 ({Much less strong is} 24. Qxb5 $6 Qe8) 24... Ng5 $2 {[#]} (24... Qe8 {is a better defense.} 25. c7 (25. Qxb5 Rc8 $16) 25... Rc8) 25. Bxg6+ Kh8 26. f4 Nf3+ 27. Kh1 Qg4 28. c7 $2 (28. Qc2 $18) 28... Ne5 $1 $11 {[%cal Re5d3] The position is equal.} 29. fxe5 Qf3+ 30. Kg1 Bg5 31. Re1 Qf2+ 32. Kh1 Qf3+ {Precision: White = 67%, Black = 47%.} 1/2-1/2

[Event "8th Holuj-Radzikowska 2018"]
[Site "Wroclaw"]
[Date "2018.12.08"]
[Round "5"]
[White "Socko, Monika"]
[Black "Abdumalik, Zhansaya"]
[Result "1-0"]
[WhiteElo "2458"]
[BlackElo "2470"]
[Annotator "TA"]
[PlyCount "97"]
[EventDate "2018.11.26"]
[EventType "schev"]
[EventCountry "POL"]
[SourceTitle "playchess.com"]
[Source "ChessBase"]
[SourceQuality "1"]
[WhiteTeam "Poland"]
[BlackTeam "World"]
[WhiteTeamCountry "POL"]

{[%evp 23,97,14,17,0,0,-10,-9,-3,-4,-15,-3,-12,-11,-58,21,-52,-29,-15,-22,-31,-18,-15,20,-20,0,0,0,0,9,29,74,18,13,19,18,16,14,-28,-44,-61,43,39,50,-261,167,106,150,148,354,236,760,733,29987,29988,29988,29989,29989,29989,29990,1443,1334,1333,1231,1234,1073,981,1520,1331,29975,29976,29976,29977,29988,29989,29992,29989]} 1. d4 Nf6 2. c4 g6 3. Nf3 Bg7 4. g3 O-O 5. Bg2 c5 6. d5 e6 7. Nc3 exd5 8. cxd5 d6 9. O-O Re8 10. Re1 a6 11. a4 Nbd7 12. Bf4 {A63: Modern Benoni: Fianchetto Variation: 9...Nbd7} (12. h3 Rb8 13. Bf4 Qc7 14. a5 b5 15. axb6 Nxb6 16. Rc1 Ne4 17. Nxe4 Rxe4 18. b3 a5 19. Nd2 Rd4 20. e4 Ba6 21. Be3 Rb4 {0-1 (38) Xiong,J (2652)-Vachier Lagrave,M (2795) chess.com INT 2017}) 12... Ng4 {LiveBook: 9 Games} 13. Qc1 Nge5 $146 ({Predecessor:} 13... Nde5 14. Bg5 f6 15. Nxe5 fxg5 16. Nxg4 Bxg4 17. h3 Bd7 18. Ne4 Bxh3 19. Nxd6 Qxd6 20. Bxh3 Qxd5 {1-0 (43) Gleizerov,E (2507)-Gunduz,U (2107) Ankara 2017}) 14. Bg5 {The position is equal.} Nxf3+ 15. Bxf3 Qc7 16. Bg2 Rb8 17. Bh6 Bh8 18. Rb1 c4 (18... Ne5 $15) 19. Ne4 (19. b4 $11) 19... f5 20. Ng5 Nf6 21. h3 b5 22. axb5 Rxb5 23. Qd2 Ne4 24. Nxe4 fxe4 25. Qc2 $1 Qe7 26. Qxc4 Bb7 27. Red1 (27. Rbd1 $16) 27... g5 $1 $11 {With the idea ...Qf6.} 28. h4 $36 {[%mdl 2048] White has some pressure.} gxh4 29. Bh3 {Threatens to win with Be6+.} Be5 30. Be6+ Kh8 31. g4 h3 (31... Rc5 $15 32. Qa2 Bc8) 32. Be3 $14 Qh4 {Hoping for ...Rxe6!} 33. Kh1 $2 {[%mdl 8192] [#]} (33. Bf5 $14 {keeps the upper hand.}) 33... Re7 $4 {[%mdl 8192]} (33... Rxe6 $1 $19 {[%mdl 512]} 34. dxe6 Qxf2 $3 {[%mdl 512]} 35. Qc8+ (35. Bxf2 $2 {loses.} e3+ {[%mdl 64] Discovered Attack} 36. Rd5 Rxd5 $19) 35... Bxc8 36. Bxf2 e3 37. Bxe3 Bb7+ 38. Kg1 Bg3 39. Bd4+ Kg8) 34. Bf5 (34. Rg1 $18) 34... Bf6 35. b4 h2 $2 (35... Be5 $16 {was called for.} 36. Qxe4 Bg7) 36. Rbc1 h5 $2 (36... Be5 37. Qxe4 Qf6) 37. Bh6 $18 {White wants to mate with Qc8+!} Re8 38. Qc7 {[%csl Gf5][%cal Rc7h7]} Be7 {[#]} 39. g5 $1 {[%mdl 512]} Qf4 (39... Bxg5 40. Qh7#) 40. Qd7 Rg8 41. Qxe7 (41. Rc7 $142 Qe5 42. Qxe7 Qxe7 43. Rxe7 Rxg5 44. Bxg5 Bxd5 {[#]} 45. Rxd5 $1 {[%mdl 512]} Rxd5 46. Bf6+ Kg8 47. Be6+ {[%mdl 64] Double Attack} Kf8 48. Bxd5 h4 49. Rd7 h3 50. Rd8#) 41... Qxf5 42. Rc7 {Bg7+ would kill now.} Qg6 43. Rxb7 Rxb7 44. Qxb7 e3 45. Qb6 Re8 46. Qd4+ {White mates.} Kg8 47. f3 Re5 48. Rc1 Qe8 49. Qa7 {Accuracy: White = 45%, Black = 37%.} 1-0

[Event "8th Holuj-Radzikowska 2018"]
[Site "Wroclaw"]
[Date "2018.12.08"]
[Round "5"]
[White "Zawadzka, Jolanta"]
[Black "Harika, Dronavalli"]
[Result "1-0"]
[WhiteElo "2423"]
[BlackElo "2494"]
[Annotator "TA"]
[PlyCount "109"]
[EventDate "2018.11.26"]
[EventType "schev"]
[EventCountry "POL"]
[SourceTitle "playchess.com"]
[Source "ChessBase"]
[SourceQuality "1"]
[WhiteTeam "Poland"]
[BlackTeam "World"]
[WhiteTeamCountry "POL"]

{[%evp 14,109,5,-4,-5,-3,0,-1,-10,-2,0,-9,0,-7,16,8,14,15,9,18,20,7,17,1,47,0,100,85,89,77,85,42,52,72,121,119,121,118,168,173,209,189,233,174,193,83,122,0,153,146,231,245,231,264,372,231,201,194,578,489,864,852,1862,560,543,441,434,433,411,406,411,396,438,414,585,586,410,553,542,538,491,495,903,884,2244,1375,3197,2305,29977,29977,29974,29966,29975,29976,29968,12635,29997,29998]} 1. e4 e6 2. d4 d5 3. Nc3 Bb4 4. e5 b6 5. Bd2 Ne7 6. Nce2 Bxd2+ {C16: French: 3 Nc3 Bb4 4 e5: Lines without ...c5} 7. Qxd2 c5 (7... Ba6 8. f4 c5 9. c3 Nbc6 10. Nf3 O-O 11. g4 f6 12. Ng3 Bxf1 13. Rxf1 fxe5 14. dxe5 {1-0 (43) Navara,D (2725)-Movsesian,S (2673) Prague 2016}) 8. h4 {LiveBook: 3 Games} Nbc6 $146 {The position is equal.} ({Predecessor:} 8... Ba6 9. h5 cxd4 10. h6 gxh6 11. Nf3 Nbc6 12. Nexd4 Bxf1 13. Rxf1 Nxd4 14. Nxd4 {1-0 (24) Zawadzka,J (2398)-Andre,G (2334) Germany 2014}) 9. c3 a5 10. h5 h6 11. f4 Ba6 12. Nf3 Qd7 13. g4 Rc8 14. Kf2 Rc7 15. Rc1 a4 16. Ng3 Bxf1 17. Rhxf1 Na5 18. Qe2 Rc8 19. Kg2 (19. f5 $5) 19... Kd8 (19... O-O $11) 20. dxc5 $16 bxc5 21. Rfd1 $36 {[%mdl 2048] Keeping Black busy.} c4 22. Qc2 Rb8 23. Ne4 Kc7 24. Nc5 Qb5 25. Nxa4 Nec6 26. Nd4 Nxd4 27. cxd4 ({Weaker is} 27. Rxd4 Ra8 $11) 27... Kd8 28. Rd2 Nc6 {[#]} 29. Nc3 (29. b3 $1 $18 {[%mdl 512] and White stays clearly on top.}) 29... Qb6 30. Na4 ({Better is} 30. Qd1 $16) 30... Qa7 $2 {[#]} (30... Qb5 $1 $11) 31. b3 $1 Rb4 (31... Ke7 $16 {was worth a try.}) 32. Qc3 $18 Ke7 {[#]} 33. f5 $1 Rhb8 (33... Rc8 $142 34. Nc5 cxb3) 34. fxe6 fxe6 35. Rf1 Qa5 $2 (35... Rf8 {is a better chance.}) 36. Qc2 Nxe5 (36... Re8 $142 37. Rff2 Kd8) 37. dxe5 d4 38. Qe4 Qd5 39. Rxd4 cxb3 40. Qxd5 ({Less strong is} 40. Rxd5 Rxe4 41. Ra5 Rxg4+ 42. Kf3 Rbb4 $16) ({Not} 40. Rxb4 Rxb4 41. Qxd5 exd5 $18) 40... exd5 41. Rxb4 Rxb4 42. axb3 Rxg4+ {[%mdl 4096] Endgame KRN-KR} 43. Kf3 Rg5 (43... Re4 $142 44. Rg1 Kf7) 44. Kf4 Rxh5 45. Nc5 g6 {aiming for ...Rf5+.} 46. Rg1 Rf5+ 47. Ke3 g5 (47... Rxe5+ $142 48. Kd4 Rf5 49. Rxg6 h5) 48. Kd4 h5 49. Kxd5 h4 50. Ra1 h3 51. Ra7+ Kf8 52. Ke6 Rf3 53. Ne4 h2 54. Rh7 Rxb3 55. Rf7+ {Accuracy: White = 68%, Black = 27%.} 1-0

[Event "8th Holuj-Radzikowska 2018"]
[Site "Wroclaw"]
[Date "2018.12.08"]
[Round "5"]
[White "Skripchenko, Almira"]
[Black "Szczepkowska, Karina"]
[Result "1/2-1/2"]
[WhiteElo "2408"]
[BlackElo "2408"]
[Annotator "NA"]
[PlyCount "42"]
[EventDate "2018.11.26"]
[EventType "schev"]
[EventCountry "POL"]
[SourceTitle "playchess.com"]
[Source "ChessBase"]
[SourceQuality "1"]
[WhiteTeam "World"]
[BlackTeam "Poland"]
[BlackTeamCountry "POL"]
[TimeControl "40/5400+30:1800+30"]

1. e4 {[%emt 0:00:00]} c5 {[%emt 0:00:00]} 2. Nf3 {[%emt 0:00:00]} d6 {[%emt 0:00:00]} 3. Bb5+ {[%emt 0:01:14]} Nd7 {[%emt 0:00:18]} 4. d4 {[%emt 0:03:37]} cxd4 {[%emt 0:00:12]} 5. Qxd4 {[%emt 0:00:08]} a6 {[%emt 0:01:45]} 6. Bxd7+ {[%emt 0:01:27]} Bxd7 {[%emt 0:00:08]} 7. c4 {[%emt 0:01:03]} Nf6 {[%emt 0:02:09]} 8. Bg5 {[%emt 0:04:02]} e6 {[%emt 0:01:34]} 9. Nc3 {[%emt 0:00:11]} Be7 {[%emt 0:00:58]} 10. Rd1 {[%emt 0:02:06]} Bc6 {[%emt 0:02:20]} 11. O-O {[%emt 0:00:59]} O-O {[%emt 0:00:13]} 12. Qd3 {[%emt 0:01:41]} Qc7 {[%emt 0:03:36]} 13. a4 {[%emt 0:02:58]} Rfd8 {[%emt 0:01:55]} 14. Rfe1 {[%emt 0:02:18]} Rac8 {[%emt 0:02:33]} 15. Nd4 {[%emt 0:02:17]} Be8 {[%emt 0:01:47]} 16. b3 {[%emt 0:00:15]} Qc5 {[%emt 0:01:49]} 17. Be3 {[%emt 0:00:45]} Qa5 {[%emt 0:01:12]} 18. Bd2 {[%emt 0:02:21]} Qc5 {[%emt 0:03:09]} 19. Be3 {[%emt 0:05:49]} Qa5 {[%emt 0:00:48]} 20. Bd2 {[%emt 0:00:15]} Qc5 {[%emt 0:00:06]} 21. Be3 {[%emt 0:00:19]} Qa5 1/2-1/2

[Event "8th Holuj-Radzikowska 2018"]
[Site "Wroclaw"]
[Date "2018.12.08"]
[Round "5"]
[White "Warakomska, Anna"]
[Black "Javakhishvili, Lela"]
[Result "0-1"]
[WhiteElo "2233"]
[BlackElo "2464"]
[Annotator "RC"]
[PlyCount "76"]
[EventDate "2018.11.26"]
[EventType "schev"]
[EventCountry "POL"]
[SourceTitle "playchess.com"]
[Source "ChessBase"]
[SourceQuality "1"]
[WhiteTeam "Poland"]
[BlackTeam "World"]
[WhiteTeamCountry "POL"]
[TimeControl "40/5400+30:1800+30"]

1. e4 {[%emt 0:00:00]} c5 {[%emt 0:00:00]} 2. Nf3 {[%emt 0:00:00]} a6 {[%emt 0:00:00]} 3. c4 {[%emt 0:00:48]} b6 {[%emt 0:00:14]} 4. d4 {[%emt 0:01:01]} cxd4 {[%emt 0:00:06]} 5. Nxd4 {[%emt 0:00:03]} e6 {[%emt 0:00:20]} 6. Nc3 {[%emt 0:00:57]} Bb7 {[%emt 0:00:06]} 7. Be2 {[%emt 0:01:06]} d6 {[%emt 0:00:19]} 8. Be3 {[%emt 0:02:19]} Nf6 {[%emt 0:00:07]} 9. f3 {[%emt 0:00:07]} Be7 {[%emt 0:00:29]} 10. O-O {[%emt 0:00:06]} O-O {[%emt 0:00:12]} 11. Rc1 {[%emt 0:01:08]} Nbd7 {[%emt 0:02:08]} 12. Qd2 {[%emt 0:01:44]} Rc8 {[%emt 0:02:28]} 13. b4 {[%emt 0:07:23]} Rc7 {[%emt 0:06:04]} 14. Na4 {[%emt 0:07:32]} Qb8 {[%emt 0:01:15]} 15. Rc2 {[%emt 0:04:34]} Rfc8 {[%emt 0:05:11]} 16. Rfc1 {[%emt 0:01:18]} Ba8 {[%emt 0:03:01]} 17. Nb2 {[%emt 0:04:03]} Ne5 {[%emt 0:01:48]} 18. Nb3 {[%emt 0:10:24]} Nfd7 {[%emt 0:04:05]} 19. Bf1 {[%emt 0:12:15]} Kh8 {[%emt 0:07:42]} 20. Qf2 {[%emt 0:05:39]} g5 {[%emt 0:08:37]} 21. c5 {[%emt 0:10:35]} dxc5 {[%emt 0:05:44]} 22. Bxa6 {[%emt 0:00:37]} Rg8 {[%emt 0:00:24]} 23. bxc5 {[%emt 0:00:59]} g4 {[%emt 0:05:55]} 24. cxb6 {[%emt 0:06:00]} Rxc2 {[%emt 0:00:29]} 25. Qxc2 {[%emt 0:01:10]} gxf3 {[%emt 0:00:24]} 26. g3 {[%emt 0:00:15]} Ng4 {[%emt 0:17:42]} 27. Bd4+ {[%emt 0:03:59]} e5 {[%emt 0:00:38]} 28. Qc7 {[%emt 0:02:38]} exd4 {[%emt 0:01:29]} 29. b7 {[%emt 0:00:23]} Bxb7 {[%emt 0:03:26]} 30. Bxb7 {[%emt 0:00:22]} Bg5 {[%emt 0:01:35]} 31. Qxb8 {[%emt 0:07:23]} Be3+ {[%emt 0:00:35]} 32. Kh1 {[%emt 0:00:37]} Rxb8 {[%emt 0:01:33]} 33. Rc7 {[%emt 0:02:47]} Nf2+ {[%emt 0:07:06]} 34. Kg1 {[%emt 0:00:02]} Ne5 {[%emt 0:00:56]} 35. Kf1 {[%emt 0:02:57]} Nfg4 {[%emt 0:00:29]} 36. Ba6 {[%emt 0:01:00]} Nxh2+ {[%emt 0:00:17]} 37. Ke1 {[%emt 0:00:02]} f2+ {[%emt 0:00:14]} 38. Kd1 {[%emt 0:00:02]} d3 {[%emt 0:00:38]} 0-1